Leaving no one behind : China's stories of poverty alleviation / (Record no. 586518)
[ view plain ]
| 000 -LEADER | |
|---|---|
| fixed length control field | 00360nam a22001217a 4500 |
| 020 ## - INTERNATIONAL STANDARD BOOK NUMBER | |
| International Standard Book Number | 9787509015292 |
| 040 ## - CATALOGING SOURCE | |
| Transcribing agency | NUST CL |
| 082 ## - DEWEY DECIMAL CLASSIFICATION NUMBER | |
| Classification number | 362.580951 |
| Author Mark | LEA |
| 245 ## - TITLE STATEMENT | |
| Title | Leaving no one behind : China's stories of poverty alleviation / |
| 260 ## - PUBLICATION, DISTRIBUTION, ETC. | |
| Name of publisher, distributor, etc. | The Contemporary World Press, |
| Date of publication, distribution, etc. | 2020. |
| 300 ## - PHYSICAL DESCRIPTION | |
| Extent | 2, 4, 4, 397 pages : illustrations ; 23 cm |
| 942 ## - ADDED ENTRY ELEMENTS (KOHA) | |
| Source of classification or shelving scheme | |
| Koha item type | Book |
| Withdrawn status | Lost status | Source of classification or shelving scheme | Damaged status | Not for loan | Permanent Location | Current Location | Shelving location | Date acquired | Total Checkouts | Total Renewals | Full call number | Barcode | Date last seen | Date last checked out | Price effective from | Koha item type |
|---|---|---|---|---|---|---|---|---|---|---|---|---|---|---|---|---|
| Central Library (CL) | Central Library (CL) | Chinese Studies | 10/06/2021 | 1 | 3 | 362.580951 LEA | CL-D-1269 | 12/01/2023 | 06/14/2023 | 10/14/2021 | Book | |||||
| Central Library (CL) | Central Library (CL) | Chinese Studies | 10/06/2021 | 2 | 3 | 362.580951 LEA | CL-D-1270 | 10/01/2025 | 09/10/2025 | 10/14/2021 | Book | |||||
| NUST Law School (NLS) | NUST Law School (NLS) | 07/17/2025 | 362.580951 LEA | NLSD-293 | 07/17/2025 | 07/17/2025 | Book | |||||||||
| NUST Law School (NLS) | NUST Law School (NLS) | 07/17/2025 | 362.580951 LEA | NLSD-294 | 07/17/2025 | 07/17/2025 | Book |
